| 000 | 04078nam a2200313Ia 4500 | ||
|---|---|---|---|
| 008 | 130821s1781 gw gr lat | ||
| 040 |
_aCo-BoUCM _bspa |
||
| 041 | 0 | _alat | |
| 092 | _aE22N041 | ||
| 100 | 1 |
_aGodefroy, Denis _d1549-1621 |
|
| 242 | 0 | 0 |
_aCorpus del Derecho Civil Romano. Se muestran en él: las Instituciones y los Digestos, corregidos de acuerdo con el Códice florentino. También el Código y las Novellae; así como los Edictos de Justiniano; las Novellae de León y de otros emperadores; los Cánones de los Apóstoles; los Libros sobre los feudos y las leyes de las Doce Tablas, así como otros documentos relacionados con la jurisprudencia anterior a Justiniano _cCon notas de Dionisio Godofredo, a las que añadieron las de François Modius y otros célebres juristas, tal como fueron incluidas por Simón van Leeuwen en su edición. Lo antecede una historia y una cronología del Derecho Civil Romano _nTomo Segundo _yspa |
| 245 | 1 | 0 |
_aCorpus Juris Civilis Romani, in quo Institutiones, Digesta ad Codicem Florentinum emendata, Codex item et Novellae, nec non Justiniani Edicta, Leonis et aliorum Imperatorum Novellae, Canones Apostolorum, Feudorum Libri, Leges XII. Tabb. et alia ad jurisprudentiam ante-justinianeam pertinentia scripta ... exhibentur _cCum notis ... Dionysii Gothofredi, quibus accesserunt Francisci Modii et aliae aliorum jurisconsultorum celeberrimorum, quas inseruit editioni suae Simon van Leeuwen ... Praemissa est historia et chronologia juris civilis romani _nTomus Secundus. |
| 246 | 1 | 3 |
_a[Corpus del Derecho Civil Romano. Se muestran en él: las Instituciones y los Digestos, corregidos de acuerdo con el Códice florentino. También el Código y las Novellae; así como los Edictos de Justiniano; las Novellae de León y de otros emperadores; los Cánones de los Apóstoles; los Libros sobre los feudos y las leyes de las Doce Tablas, así como otros documentos relacionados con la jurisprudencia anterior a Justiniano / Con notas de Dionisio Godofredo, a las que añadieron las de François Modius y otros célebres juristas, tal como fueron incluidas por Simón van Leeuwen en su edición. Lo antecede una historia y una cronología del Derecho Civil Romano _nTomo Segundo] |
| 250 | _aEditio nova [Nueva edición] | ||
| 260 |
_aColonia (Westfalia, Alemania) _bsumtibus Fratrum de tournes [A expensas de los Hermanos De Tournes] _c1781 |
||
| 300 | _a792, [16] páginas | ||
| 500 | _aDetalles físicos: Encuadernación rígida en cartón duro forrado en piel marrón jaspeada. Lomo con adornos dorados, tejuelo de piel roja para el título de la obra, nervaduras sobre costuras. Lomo y tapas deterioradas, con desprendimiento del cuero. Guardas delanteras. Anteportada rota. Portada sencilla rota, impresa en negro con diversos tipos y tamaños de letras. Daño grave por insectos, hasta la pág. 80 que afecta el texto. Texto muy bien impreso, en dos columnas densas. Papel de muy buena calidad. Notas de pie de página, con caracteres romanos más pequeños. Signaturas. Reclamos. Falta el V.1 | ||
| 504 | _aIncluye índice. | ||
| 505 | 0 | _aV.2: Doce Libros del Código del Emperador Justiniano. ; Constituciones auténticas (o Novellae) del emperador Justiniano. ; Edictos: 13 de Justiniano. ; Novellae de León y de otros emperadores. ; Cánones de los Santos Apóstoles. ; Costumbres de los feudos. ; Constituciones del emperador Federico II. ; Extravagantes. ; Libro sobre la Paz de Constanza. ; Fragmentos de jurisprudencia pre-justinianea: Leyes de las Doce Tablas. ; Los 29 títulos de Ulpiano. ; Los cinco libros con las Sentencias de Julio Paulo. ; Y los dos libros con las Instituciones de Cayo. | |
| 506 | _aConsulta en sala. | ||
| 650 | 0 | 4 |
_aDerecho civil _912711 |
| 650 | 0 | 4 |
_aDerecho civil _xObras anteriores a 1800 _912711 |
| 650 | 0 | 4 |
_aDerecho romano _912827 |
| 650 | 0 | 4 |
_aDerecho romano _xObras anteriores a 1800 _912827 |
| 700 | 1 |
_aLeeuwen, Simón van _d.notas. |
|
| 700 | 1 |
_aModius, Franciscois _enotas. |
|
| 942 |
_cLIBRO _a8 _e1 _2DEWEY _h340.54 |
||
| 999 |
_c38791 _d38791 |
||